| 000 | 00519nam a22001937a 4500 | ||
|---|---|---|---|
| 003 | KOHA_MİRAKIL | ||
| 005 | 20250422175839.0 | ||
| 008 | 250422b tu ||||| |||| 00| 0 tur d | ||
| 020 | _a9786254494406 | ||
| 040 |
_aTR-AnABB _btur _cTR-AnABB |
||
| 041 | _atur | ||
| 082 |
_a813.42 _bAKY 2023 |
||
| 100 | 1 | _aAkyüz, Sinan | |
| 245 | 1 | 0 |
_aElveda aşk / _cSinan Akyüz |
| 260 |
_aİstanbul : _bAlfa Yayınları, _c2023 |
||
| 300 |
_a464 sayfa ; _c21 cm |
||
| 650 | 0 | 4 | _aTürk edebiyatı, roman |
| 942 |
_2ddc _cBK |
||
| 999 |
_c8826 _d8826 |
||
| 900 | _bGizem YORULMAZ | ||